000 00885cam a22002772 4500
001 14854
003 BD-RjUL
005 20211208235714.0
008 140208s1962 xx a ab 000 0 eng
035 _a(BD-RjUL)14908
040 _aDLC
_cDLC
_dDLC
_dBD-RjUL
_beng
041 _aeng
082 _a631.6
_bBUT
100 1 _aBurton, Ian,
_d1935-
_914501
245 1 0 _aTypes of agricultural occupance of flood plains in the United States /
260 _aChicago :
_cDeptment of geography,
_b1962.
300 _ax, 167 l. ;
_billus. ;
_c22cm
504 _aIncludes Bibliography: leaves 163-167 and index.
650 0 _aAlluvial plains.
_946235
650 0 _aAgriculture
_zUnited States.
_946236
830 0 _vno. 75.
_946239
830 0 _aResearch paper (University of Chicago. Department of Geography),
_946240
942 _2ddc
_cBK
999 _c14854
_d14854